000 01288cam a22002174a 4500
005 20250605163947.0
008 250528s ||||||||||||||||||||||||d
035 _a15249
020 _a750600675
040 _aGR-AtMCL
_bgre
_dGR-AtMCL
_eAACR2
245 1 _aManagement Accounting for Financial Decisions
260 _bButterworth Heinemann,
_c1991
300 _a324
520 _aThis book is a good balance between the purpose and principles of Management Accounting and the techniques involved. Preface, Introduction and Overview, Analysis, Review of Financial Statements, Practical Techniques Used in the Financial Analysis Process, Analysis for Management Planning, Selecting the Right Analytical Techniques for the Right Decision, Planning, Relevant Costs for Decision-Making, Techniques for Capital Investment Appraisal, Long-Term Decision-Making, Short-Term Decision-Making, Information Requirements of Strategic Decisions, Control, The Requirements of Financial Control Systems, Financial Control Systems in Practice, The Way Ahead, Evolution of the ''New Management Accounting'', Recommended Further Reading, Index.
700 1 _aNeal Richard
_91141
700 1 _aSrikanthan Sri
_91142
700 1 _aWard Keith
_91143
942 _cBK
999 _c842
_d842